<?xml version="1.0" encoding="UTF-8"?>
<collection xmlns="http://www.loc.gov/MARC21/slim">
 <record>
  <leader>01251nam a2200205Ia 4500</leader>
  <controlfield tag="001">TDMU_6879</controlfield>
  <controlfield tag="008">210410s9999    xx            000 0 und d</controlfield>
  <datafield tag="082" ind1=" " ind2=" ">
   <subfield code="a">895.922</subfield>
  </datafield>
  <datafield tag="090" ind1=" " ind2=" ">
   <subfield code="b">H112</subfield>
  </datafield>
  <datafield tag="100" ind1=" " ind2=" ">
   <subfield code="a">HaÌ€, Minh ĐưÌc</subfield>
  </datafield>
  <datafield tag="245" ind1=" " ind2="0">
   <subfield code="a">Nguyên HôÌ€ng vêÌ€ taÌc gia vaÌ€ taÌc phâÌ‰m</subfield>
  </datafield>
  <datafield tag="245" ind1=" " ind2="0">
   <subfield code="c">HaÌ€ Minh ĐưÌc(giơÌi thiêÌ£u);HưÌƒu NhuâÌ£n (tuyêÌ‰n choÌ£n)</subfield>
  </datafield>
  <datafield tag="260" ind1=" " ind2=" ">
   <subfield code="a">H.</subfield>
  </datafield>
  <datafield tag="260" ind1=" " ind2=" ">
   <subfield code="b">GiaÌo duÌ£c</subfield>
  </datafield>
  <datafield tag="260" ind1=" " ind2=" ">
   <subfield code="c">2001</subfield>
  </datafield>
  <datafield tag="300" ind1=" " ind2=" ">
   <subfield code="a">391tr</subfield>
  </datafield>
  <datafield tag="520" ind1=" " ind2=" ">
   <subfield code="a">ToÌm tăÌt tiêÌ‰u sưÌ‰ vaÌ€ sưÌ£ nghiêÌ£p saÌng taÌc văn hoÌ£c cuÌ‰a nhaÌ€ văn Nguyên HôÌ€ng. Phân tiÌch môÌ£t sôÌ taÌc phâÌ‰m tiêu biêÌ‰u như SoÌng gâÌ€m, CưÌ‰a biêÌ‰n...HôÌ€i ưÌc vaÌ€ kiÌ‰ niêÌ£m vêÌ€ nhaÌ€ văn Nguyên HôÌ€ng; NV Văn học Việt Nam hiện đại 1 (1900 - 1945)</subfield>
  </datafield>
  <datafield tag="650" ind1=" " ind2=" ">
   <subfield code="a">Nguyên HôÌ€ng; SaÌng taÌc văn hoÌ£c; Văn hoÌ£c hiêÌ£n thưÌ£c</subfield>
  </datafield>
  <datafield tag="856" ind1=" " ind2=" ">
   <subfield code="u">http://lrc.tdmu.edu.vn/opac/search/detail.asp?aID=2&amp;ID=6879</subfield>
  </datafield>
  <datafield tag="980" ind1=" " ind2=" ">
   <subfield code="a">Trung tâm Học liệu Trường Đại học Thủ Dầu Một</subfield>
  </datafield>
 </record>
</collection>
